Представление документа в формате RUSMARC

ПолеНазваниеЗначение
  Тип записи a
  Библиографический уровень m
001 Контрольный номер RU/ГПНТБ России/KNIGADB/81.411.2я73/К 60-511353909
005 Дата корректировки 20260529144209.5
010 Индекс ISBN __
a ISBN 978-5-9765-1348-8
9 Тираж 100 экз.
100 Данные общей обработки __
a Данные общей обработки 20260529d2024 mk y0rusy028902 ca
101 Язык документа 0_
a Язык текста rus
102 Страна публикации __
a Страна публикации RU
105 Кодированные данные (монография) __
a Кодированные данные (монография) y j 000yy
181 Поле кодированных данных: вид содержания _0
a Код вида содержания (ISBD) i
182 Поле кодированных данных: тип средства _0
a Код типа средства (ISBD) n
200 Заглавие и сведения об ответственности 1_
a Заглавие Языковые основы русской ментальности
e Сведения, относящиеся к заглавию учебное пособие : [для магистрантов филологических факультетов вузов, обучающихся по направлению 03 1000.68 - Филология]
f Первые сведения об ответственности В. В. Колесов, М. В. Пименова
203 Вид содержания и тип средства __
c Тип средства непосредственный
a Вид содержания Текст
205 Сведения об издании __
a Основные сведения об издании 7-е издание, стереотипное
210 Выходные данные 1_
a Место издания Москва
c Издательство Флинта
d Дата издания 2024
215 Физическое описание __
a Объем 134, [1] с.
c Иллюстрации/тип воспроизводства рис.
d Формат 21 см
320 Библиография __
a Библиография Библиография в конце глав, в подстрочных примечаниях и в конце книги
330 Аннотация __
a Аннотация Учебное пособие разработано по курсу для магистрантов "Языковые основы русской ментальности". В его состав входят теоретические главы, вопросы для обсуждения, темы рефератов, практические задания, списки литературы по темам. Пособие предназначено для магистрантов филологических факультетов вузов, обучающихся по направлению 031000.68 - Филология, студентов, аспирантов, преподавателей. Составлено в соответствии с требованиями государственного образовательного стандарта.
606 Тематические рубрики __
a Основная рубрика Языкознание
2 Код системы nlr_sh
606 Тематические рубрики __
2 Код системы nlr_sh
a Основная рубрика Русский язык
610 Ключевые слова 0_
a Ключевые слова русский язык
610 Ключевые слова 0_
a Ключевые слова русская ментальность
610 Ключевые слова 0_
a Ключевые слова теория ментальности
610 Ключевые слова 0_
a Ключевые слова лингвокультура
610 Ключевые слова 0_
a Ключевые слова лингвокультурология
610 Ключевые слова 0_
a Ключевые слова культурные коды
686 Индексы других классификаций __
2 Код системы rubbks
a Классификационный индекс 81.411.2-006я73
700 Автор _1
a Фамилия Колесов
b Имя В. В.
g Полное личное имя Владимир Викторович
4 Код отношения 070
f Даты 1934-2019
701 Альтернативная интеллектуальная ответственность _1
a Фамилия Пименова
b Имя М. В.
g Полное личное имя Марина Владимировна
4 Код отношения 070
f Даты 1964-
801 Источник записи _0
b Организация ГПНТБ России
a Страна RU
c Дата составления 20260529
g Правила каталогизации PSBO
801 Источник записи _1
b Организация ГПНТБ России
a Страна RU
c Дата составления 20260529
g Правила каталогизации PSBO
852 Данные о местонахождении 5_
j Шифр хранения 81.411.2-006я73
i Авторский знак К 60
901 Тип документа __
a Ответственный КиК/Обаева
t Тип документа m
901 Тип документа __
a Ответственный без партии
903 Характеристики (МАРС) __
a Дата передачи 20260529
c Наименование библиотеки (МАРС) Муниципальное бюджетное учреждение культуры "Централизованная библиотечная система" г. Сургут (Центральная городская библиотека им. А. С. Пушкина)
969 Тип издания __
a Тип издания Ф 26
a Тип издания учебное пособие